000
00347nam a2200145Ia 4500
005
20250603150027.0
008
250603s9999 xx 000 0 und d
020
_a
9781119519126
050
_a
HG 4027.3 .W55/
100
_a
Bizzell, Allen
245
0
_a
Wiley CPA exam review study guide 2019
260
_c
2019
300
_a
593 p
942
_c
BK
999
_c
43548
_d
43548